Numbers in the... - Statistics

General Stats
  • This quiz has been taken 24 times
  • The average score is 16 of 20
Answer Stats
Hint Answer % Correct
Maroon _ 5
100%
__ Cent 50
100%
On cloud _ 9
95%
Blink-___ 182
90%
2 Fast _ Furious 2
90%
On all _'s 4
90%
Mambo. No _ 5
90%
Summer of '__ 69
90%
Back to square _ 1
86%
At the __th hour 11
86%
_ left feet 2
86%
_ Doors Down 3
86%
_ Years 7
86%
_ Rings 7
81%
_ Chainz 2
71%
13 Going On __ 30
71%
Fast _ 5
71%
Frozen _ 2
67%
_ For The Money 2
52%
__,___ Hours 10000
43%
No matching quizzes found
Score Distribution
Percent of People with Each Score
Percentile by Number Answered
Your Score History
You have not taken this quiz